00726nam a22002177a 450000500170000001000150001702000260003203500130005803700130007108200150008410000160009924500560011525000110017126000340018227000720021630000270028850000190031594200290033499900170036395201280038020141212112009.0 aENG-111395 a9788120350656c450.00 aEN-94927 bDBAD/PUB a621.381045 aGupta, S.C. aOptoelectronic devices and systems /cby S.C. Gupta a2nd ed aNew DelhibPHI Learningc2015 aRimjhim House, 111, Patparganj Industrial EstatebNew Delhie110092 axvi, 664p. c25cm(pbk) aIncludes index 2ddccENmGUPh621.381045 c90329d90329 001040718NFICaDBADbDBADd2014-11-28eDBAD/PUBg450.00l0o621.381045 GUPpEN-94927r2014-11-28 00:00:00t1v450.00yEN